=LDR 00000nam 2200000 4500 =001 INLIS000000000029739 =005 20130612131939 =008 ***********************************Ind** =035 ##$$0010-061300000029739 =041 ##$$a Ind =082 ##$$a 800 =090 ##$$a 800, Sen a =100 ##$$a Senja, Ratu Aprillia =245 ##$$a Asal-usul siput berkulit keras, Dra. Ratu Aprillia Senja =260 ##$$a 2005 $b Surabaya =300 ##$$a 31 hlm, ilus, 21 cm =650 ##$$a Sastra Indonesia =850 ##$$a NBPNMAT